000 00489nam a2200169Ia 4500
999 _c12486
_d12486
003 OSt
005 20201022093050.0
008 190216s9999||||xx |||||||||||||| ||und||
040 _coclc
082 _a822.91208
_bWOO/S
100 _aWood, E R
_96035
245 0 _aSeven Short Plays /
_cE R Wood
260 _bHeinemann Educational Books Ltd ,
_c1967.
_aLondon:
300 _a145p
650 _aEnglish Drama
942 _cBK
_2ddc
_h822.91208
_iWOO/S
_k822.91208
_mWOO/S